000 00756nam a2200217Ia 4500
003 BUBTL
008 151213s9999 xx 000 0 und d
041 _aবাংলা
082 _a343.02/ R1293l/ 2003
100 _aরহমান, গাজী শামছুর
_95292
245 _aভূমি আইনের ভাষ্য/
_cগাজী শামছুর রহমান
250 _a৪র্থ সং
260 _aঢাকা
_bখোশরোজ কিতাব মহল।
_cc2003
300 _a719p. :
_bill. ; 24 cm.
650 _aLaw
650 _a
700 _aগাজী শামছুর রহমান।
_94214
856 _k0
_l0
_yDownload
942 _2ddc
_cBK
999 _c1961
_d1961